Equity & trusts / (Record no. 3949)
[ view plain ]
| 000 -LEADER | |
|---|---|
| fixed length control field | 00711cam a22002292 4500 |
| 001 - CONTROL NUMBER | |
| control field | 0000019481 |
| 005 - DATE AND TIME OF LATEST TRANSACTION | |
| control field | 20151217145916.0 |
| 008 - FIXED-LENGTH DATA ELEMENTS--GENERAL INFORMATION | |
| fixed length control field | 101215s xx 000 0 eng d |
| 020 ## - INTERNATIONAL STANDARD BOOK NUMBER | |
| International Standard Book Number | 1847037312 : |
| 040 ## - CATALOGING SOURCE | |
| Original cataloging agency | KABU |
| Transcribing agency | KABU |
| 100 1# - MAIN ENTRY--PERSONAL NAME | |
| Personal name | Haley, Michael. |
| -- | 0000158682 |
| 245 10 - TITLE STATEMENT | |
| Title | Equity & trusts / |
| Statement of responsibility, etc. | Michael Haley and Lara McMurtry. |
| 250 ## - EDITION STATEMENT | |
| Edition statement | 2nd ed. |
| 260 ## - PUBLICATION, DISTRIBUTION, ETC. (IMPRINT) | |
| Place of publication, distribution, etc. | London : |
| Name of publisher, distributor, etc. | Sweet & Maxwell, |
| Date of publication, distribution, etc. | 2009. |
| 300 ## - PHYSICAL DESCRIPTION | |
| Extent | lxxxvi, 641 p. |
| 650 #0 - SUBJECT ADDED ENTRY--TOPICAL TERM | |
| Topical term or geographic name as entry element | Trusts and trustees |
| Geographic subdivision | Great Britain. |
| -- | 0000158683 |
| 650 #0 - SUBJECT ADDED ENTRY--TOPICAL TERM | |
| Topical term or geographic name as entry element | Equity |
| Geographic subdivision | Great Britain. |
| -- | 0000158684 |
| 700 1# - ADDED ENTRY--PERSONAL NAME | |
| Personal name | McMurtry, Lara. |
| -- | 0000158685 |
| 852 1# - LOCATION | |
| -- | p3770 KES |
| 908 ## - PUT COMMAND PARAMETER (RLIN) | |
| Put command parameter | 101215 |
| 950 ## - LOCAL HOLDINGS (RLIN) | |
| -- | 1 |
| Withdrawn status | Lost status | Source of classification or shelving scheme | Not for loan | Home library | Current library | Date acquired | Total Checkouts | Full call number | Barcode | Date last seen | Date last checked out | Price effective from | Koha item type |
|---|---|---|---|---|---|---|---|---|---|---|---|---|---|
| Library of Congress Classification | Kabarak, Main Campus | Kabarak, Main Campus | 17/12/2015 | 3 | KD1480 .H35 2009 c. 1 | 23211 | 18/10/2016 | 06/10/2016 | 17/12/2015 | General Collection |